Άνδρος και Κυκλάδες : έκθεση χαρτών Άνδρου, Κυκλάδων, Αρχιπελάγους

Αποθηκεύτηκε σε:
Λεπτομέρειες βιβλιογραφικής εγγραφής
Κύριος συγγραφέας: Navari, Leonora
Άλλοι συγγραφείς: Γιουρούκου, Μαρία (trlf)
Μορφή: Βιβλίο
Γλώσσα:Greek
Δημοσίευση: Άνδρος : Καΐρειος Βιβλιοθήκη, 2002.
Θέματα:
Ετικέτες: Προσθήκη ετικέτας
Δεν υπάρχουν, Καταχωρήστε ετικέτα πρώτοι!

MARC

LEADER 00000cam a2200000 i 4500
001 1/35352
008 030421s2002 gr | ||| |||| ||gre||
020 |a 9607709152 
035 |l 10069863 
040 |a GR-MyUa  |b gre  |e AACR2 
041 0 |a gre 
082 7 |a 912.49585   |2 (21) 
100 1 |a Navari, Leonora. 
245 1 0 |a Άνδρος και Κυκλάδες :   |b έκθεση χαρτών Άνδρου, Κυκλάδων, Αρχιπελάγους /   |c Κείμενα-έρευνα: Leonora Navari ; [μετάφραση κειμένων: Μαρία Γιουρούκου]. 
260 |a Άνδρος :   |b Καΐρειος Βιβλιοθήκη,   |c 2002. 
300 |a 100 σ. :   |b έγχρ. χάρτες ;   |c 22 εκ. 
500 |a Πρόκειται για μία εργασία που έγινε για λογαριασμό της Καΐρειου Βιβλιοθήκης, με την ευκαιρία των εγκαινίων του καινούργιου κτιρίου της, για την έκθεση "'Ανδρος και Κυκλάδες". 
504 |a Βιβλιογραφία: σ.97. Ευρετήριο. 
650 0 |a Cartography  |z Aegean Islands (Greece and Turkey)  |x History. 
651 0 |a Andros (Greece : Municipality)  |x Historical geography  |x Maps  |v Exhibitions. 
651 0 |a Cyclades (Greece)  |x Historical geography  |x Maps. 
700 1 |a Γιουρούκου, Μαρία,  |e trlf 
852 |a INST  |b SYROS  |c KYK  |e 20030421  |h 912.49585 NAV  |p 005500002341  |q 005500002341  |t BK  |y 0 
901 |a BIBL5-2003-1 
970 |a Μανωλαράκη  |b Μαρία  |z 21/04/2003